Fundación Jiménez Díaz (Record no. 54713)
[ view plain ]
| 000 -LEADER | |
|---|---|
| campo de control de longitud fija | 01102nas a2200313 i 4500 |
| 001 - NÚMERO DE CONTROL | |
| campo de control | 54713 |
| 003 - IDENTIFICADOR DE NÚMERO DE CONTROL | |
| campo de control | SpMaBN |
| 005 - FECHA Y HORA DE LA ÚLTIMA TRANSACCIÓN | |
| campo de control | 20250217134822.0 |
| 008 - DATOS DE LONGITUD FIJA--INFORMACIÓN GENERAL | |
| campo de control de longitud fija | 190222d19601985sp a| |uuub||pa d |
| 022 ## - NÚMERO INTERNACIONAL NORMALIZADO PARA PUBLICACIONES SERIADAS | |
| Número Internacional Normalizado para Publicaciones Seriadas | 2486-5834 |
| 080 ## - NÚMERO DE LA CLASIFICACIÓN DECIMAL UNIVERSAL | |
| Número de la Clasificación Decimal Universal | 61:061.62(460.27 M.) |
| 110 2# - ENTRADA PRINCIPAL--NOMBRE DE ENTIDAD CORPORATIVA | |
| Nombre de entidad corporativa o nombre de jurisdicción como elemento de entrada | Fundación Jiménez Díaz. |
| 9 (RLIN) | 4335 |
| 245 10 - MENCIÓN DEL TÍTULO | |
| Título | Fundación Jiménez Díaz |
| Resto del título | : [memoria] : ... aniversario de la fundación del Instituto de Investigaciones Médicas "Clinica de Nuestra Señora de la Concepción". |
| 260 ## - PUBLICACIÓN, DISTRIBUCIÓN, ETC. | |
| Lugar de publicación, distribución, etc. | Madrid : |
| Nombre del editor, distribuidor, etc. | Instituto de Investigaciones Médicas, |
| Fecha de publicación, distribución, etc. | [1960-1985] |
| 300 ## - DESCRIPCIÓN FÍSICA | |
| Extensión | 7 v. ; |
| Dimensiones | 24 cm. |
| 310 ## - PERIODICIDAD ACTUAL | |
| Periodicidad actual | Anual |
| 500 ## - NOTA GENERAL | |
| Nota general | A partir de 1974 tít. del lomo: Memoria. |
| 590 0# - NOTA LOCAL (RLIN) | |
| Nota local | XXXII aniversario (1967) |
| 610 2# - PUNTO DE ACCESO ADICIONAL DE MATERIA--NOMBRE DE ENTIDAD CORPORATIVA | |
| Nombre de entidad corporativa o nombre de jurisdicción como elemento de entrada | Fundación Jiménez Díaz. |
| 9 (RLIN) | 4335 |
| 852 ## - LOCALIZACIÓN | |
| Ubicación | ES-MaACL |
| Número de control de estantería | C-31818 |
| Nota libre | (1967) |
| 852 ## - LOCALIZACIÓN | |
| Ubicación | ES-MaACL |
| Número de control de estantería | C-45528 |
| Nota libre | (1968) |
| 852 ## - LOCALIZACIÓN | |
| Ubicación | ES-MaACL |
| Número de control de estantería | C-46660 |
| Nota libre | (1969) |
| 852 ## - LOCALIZACIÓN | |
| Ubicación | ES-MaACL |
| Número de control de estantería | C-41733 |
| Nota libre | (1970) |
| 852 ## - LOCALIZACIÓN | |
| Ubicación | ES-MaACL |
| Número de control de estantería | C-44021 |
| Nota libre | (1971) |
| 852 ## - LOCALIZACIÓN | |
| Ubicación | ES-MaACL |
| Número de control de estantería | C-43099 |
| Nota libre | (1972) |
| 852 1# - LOCALIZACIÓN | |
| Ubicación | BA |
| Número de control de estantería | C-50790 |
| Nota libre | (1973) |
| 866 #0 - MENCIÓN TEXTUAL DE FONDOS--UNIDAD BIBLIOGRÁFICA BÁSICA | |
| Fondos | 1967-1973 |
| Estatus retirado | Estado de pérdida | Estado de daño | No para préstamo | Colección | Biblioteca de origen | Biblioteca actual | Ubicación en estantería | Fecha de adquisición | Fuente de adquisición | Total de préstamos | Signatura topográfica completa | Código de barras | Visto por última vez | Precio de reemplazo | Tipo de ítem Koha |
|---|---|---|---|---|---|---|---|---|---|---|---|---|---|---|---|
| Periódicos y Revistas | Biblioteca del Ateneo de Madrid | Biblioteca del Ateneo de Madrid | Depósito 2 | 22/02/2019 | C-50790 | 1200043 | 23/02/2023 | 23/02/2023 | Revista | ||||||
| Periódicos y Revistas | Biblioteca del Ateneo de Madrid | Biblioteca del Ateneo de Madrid | Depósito 2 | 17/01/2008 | C-31818 | 1057493 | 23/02/2023 | 23/02/2023 | Revista | ||||||
| Periódicos y Revistas | Biblioteca del Ateneo de Madrid | Biblioteca del Ateneo de Madrid | Depósito 2 | 22/02/2019 | C-45528 | 1200038 | 23/02/2023 | 23/02/2023 | Revista | ||||||
| Periódicos y Revistas | Biblioteca del Ateneo de Madrid | Biblioteca del Ateneo de Madrid | Depósito 2 | 22/02/2019 | C-46660 | 1200039 | 23/02/2023 | 23/02/2023 | Revista | ||||||
| Periódicos y Revistas | Biblioteca del Ateneo de Madrid | Biblioteca del Ateneo de Madrid | Depósito 2 | 22/02/2019 | C-41733 | 1200040 | 23/02/2023 | 23/02/2023 | Revista | ||||||
| Periódicos y Revistas | Biblioteca del Ateneo de Madrid | Biblioteca del Ateneo de Madrid | Depósito 2 | 22/02/2019 | C-44021 | 1200041 | 23/02/2023 | 23/02/2023 | Revista | ||||||
| Periódicos y Revistas | Biblioteca del Ateneo de Madrid | Biblioteca del Ateneo de Madrid | Depósito 2 | 22/02/2019 | C-43099 | 1200042 | 23/02/2023 | 23/02/2023 | Revista |
